000 00710cam a22002292a 4500
001 024969
003 AR-FADEU
008 311216n2004####xxu####################dd
020 _a987-503-086-4
092 _a330.982
_bB297
_eBDT
100 _aBasualdo, Eduardo M.
245 _aLos primeros gobiernos peronistas y la consolidación del país industrial : éxitos y fracasos
260 _aBuenos Aires
260 _bPágina/12
260 _bFlacso
260 _c2004
300 _a64 p
440 _aArea de economía y tecnología
500 _aMaestria en Economía Política con Mención en Economía Argentin
650 _aPERONISMO; ECONOMIA POLITICA; ECONOMIA ARGENTINA/BDT/
942 _cBDT
999 _c30655
_d30655